Rural Practice Bulletin (Record no. 118927)

MARC details
000 -LEADER
fixed length control field 00649cas a22002175a 4500
001 - CONTROL NUMBER
control field L137981
008 - FIXED-LENGTH DATA ELEMENTS--GENERAL INFORMATION
fixed length control field 070510c19891995xxkbr p 0 a0eng u
035 ## - SYSTEM CONTROL NUMBER
System control number (Sirsi) u137981
041 0# - LANGUAGE CODE
Language code of text/sound track or separate title eng
110 2# - MAIN ENTRY--CORPORATE NAME
Corporate name or jurisdiction name as entry element Royal Institution of Chartered Surveyors
Subordinate unit Rural Practice Division
9 (RLIN) 2625
240 ## - UNIFORM TITLE
Uniform title Rural Practice News
245 00 - TITLE STATEMENT
Title Rural Practice Bulletin
260 ## - PUBLICATION, DISTRIBUTION, ETC.
Place of publication, distribution, etc. London
Name of publisher, distributor, etc. RICS
Date of publication, distribution, etc. 1989-1995
362 0# - DATES OF PUBLICATION AND/OR SEQUENTIAL DESIGNATION
Dates of publication and/or sequential designation March 1989-May/June 1995
362 0# - DATES OF PUBLICATION AND/OR SEQUENTIAL DESIGNATION
Dates of publication and/or sequential designation January/February 1993-May/June 1995
554 ## -
-- Six per year
651 #4 - SUBJECT ADDED ENTRY--GEOGRAPHIC NAME
Geographic name United Kingdom
Chronological subdivision
690 ## - LOCAL SUBJECT ADDED ENTRY--TOPICAL TERM (OCLC, RLIN)
Topical term or geographic name as entry element PROPERTY-RURAL AND NATURAL ASSETS
785 00 - SUCCEEDING ENTRY
Title Rural Property Bulletin
942 ## - ADDED ENTRY ELEMENTS (KOHA)
Suppress in OPAC 0
Holdings
Withdrawn status Lost status Source of classification or shelving scheme Damaged status Not for loan Home library Current library Shelving location Date acquired Total Checkouts Full call number Barcode Date last seen Price effective from Koha item type
    Dewey Decimal Classification     London London Gallery 10/05/2007   RURAL PROFESSIONAL 137981-1001 06/08/2019 06/08/2019 Journal
    Dewey Decimal Classification     London London Basement 04/06/2007   RURAL PROFESSIONAL 137981-1002 06/08/2019 06/08/2019 Journal